Statistics for New York City Subways

Click here to take the quiz!

General Stats

  • This quiz has been taken 568 times
  • The average score is 21 of 22

Answer Stats

First/Last StationsAnswer% Correct
Van Cortland Park 242 St/South Ferry1
98%
Inwood 207 St/Far RockwayMott Av Rockway Park Beach 116 St Ozone Park Lefferts BlvdA
98%
Wakefield 241 St/Flatbush Av Brooklyn College2
97%
Harlem 148 St/ New Lots Av3
97%
145 St/Brighton BeachB
96%
168 St/Euclid AvC
96%
Norwood 205 St/Coney Island Stillwall AvD
96%
Jamaica Center Parsons and Archer/ World Trade CenterE
96%
Woodlawn/CrownHeights Utica Av4
95%
Eastchester Dyre Av/Flatbush Av Brooklyn College5
95%
Pelham Bay Park/Brooklyn Bridge City Hall6
95%
34 St Hudson Yards/Flushing Main St7
95%
Jamiaca 179 St/Coney Island Stillwall AvF
95%
Church Av/ Long Island City Court SqG
94%
Astoria Ditmars Blvd/Coney Island Stillwall AvN
94%
96 St/Coney Island Stillwall AvQ
93%
14 St/Canarsie Rockway PkwyL
92%
Forest Hills 71 Av/Bay Ridge 95 StR
92%
Middle Villege Metro Av/Forest Hills 71 AvM
91%
Jamaica Center Parsons and Archer/Broad StJ
89%
Astoria Ditmars Blvd/Whitewall St South FerryW
86%
Jamaica Center Parsons and Archer/Broad StZ
86%

Score Distribution

Percentile by Number Answered

Percent of People with Each Score

Your Score History

You have not taken this quiz